|
|
|
|
| LEADER |
00000nab a2200000 a 4500 |
| 001 |
vtls011107878 |
| 003 |
SK-MaSNL |
| 005 |
20260303143531.0 |
| 008 |
230222|2011 xo |||||||||||||||||cze| |
| 015 |
|
|
|a SNBRB
|
| 035 |
|
|
|a (uuid)73500d02-431c-44c4-9a3e-4e8c415cb6ad
|
| 035 |
|
|
|a (urnnbn)urn:nbn:sk:snk:ar-a08azp
|
| 035 |
|
|
|a urn:nbn:sk:snk-ab9e5o
|
| 040 |
|
|
|a SNKBUCL
|b slo
|c SNKBUCL
|e AACR2
|
| 041 |
0 |
|
|a cze
|
| 044 |
|
|
|a xo
|c SK
|
| 100 |
1 |
|
|a Holoušová, Drahomíra,
|d 1938-
|4 aut
|9 42498
|
| 245 |
1 |
0 |
|a Vyučující a student v různých životních situacích
|c Drahomíra Holoušová, Milena Krobotová, Eva Stránská
|
| 700 |
1 |
|
|a Krobotová, Milena
|4 aut
|9 819050
|
| 700 |
1 |
|
|a Stránská, Eva
|4 aut
|9 578597
|
| 773 |
0 |
|
|t Pedagogica actualis
|g Roč. 2, č. 2 (2011), s. 97-101
|
| 958 |
|
|
|a OND
|
| 958 |
|
|
|a EUIPO
|
| 958 |
|
|
|a article13
|
| 999 |
|
|
|c 1990652
|d 1992582
|